[Event "FICGS class M 000121 email"]
[Site "FICGS email"]
[Date "2023.04.23"]
[Round "1"]
[White "Ozen, Bahadir"]
[Black "Maceda, Coco"]
[Result "1/2-1/2"]
[WhiteElo "2250"]
[BlackElo "2233"]
[PlyCount "47"]
[EventDate "2023.??.??"]
[EventType "tourn (corr)"]
[EventRounds "6"]
[SourceTitle "Corr 2024"]
[Source "ChessBase"]
[SourceDate "2023.10.19"]
[SourceVersion "1"]
[SourceVersionDate "2023.10.19"]
[SourceQuality "1"]

1. Nf3 d5 2. d4 Nf6 3. c4 e6 4. g3 Bb4+ 5. Bd2 Be7 6. Bg2 0-0 7. 0-0 c6 8. Qc2 Nbd7 9. Bf4 b6 10. Rd1 Ba6 11. Nbd2 Nh5 12. Be3 Nhf6 13. Bf4 Nh5 14. e3 Rc8 15. h4 Bb7 16. Ne5 c5 17. cxd5 Bxd5 18. Bxd5 exd5 19. Qf5 Nxf4 20. Nxd7 g6 21. Qxf4 Qxd7 22. dxc5 bxc5 23. Nf3 Rfd8 24. Rd2 1/2-1/2

[Event "FICGS rapid M 000145 email"]
[Site "FICGS email"]
[Date "2023.04.05"]
[Round "1"]
[White "Maceda, Coco"]
[Black "Slawomir, Weglicki"]
[Result "1/2-1/2"]
[WhiteElo "2233"]
[BlackElo "2133"]
[PlyCount "84"]
[EventDate "2023.??.??"]
[EventType "tourn (rapid)"]
[EventRounds "6"]
[SourceTitle "Corr 2024"]
[Source "ChessBase"]
[SourceDate "2023.10.19"]
[SourceVersion "1"]
[SourceVersionDate "2023.10.19"]
[SourceQuality "1"]

1. e4 e5 2. Nc3 Nf6 3. g3 d5 4. exd5 Nxd5 5. Nf3 Nxc3 6. bxc3 Nc6 7. Bg2 Bc5 8. 0-0 0-0 9. Re1 h6 10. d3 Re8 11. a4 Bf5 12. Be3 Bd6 13. Nh4 Bd7 14. a5 a6 15. h3 Bf8 16. Qh5 Qf6 17. Qf3 Qe6 18. g4 Ne7 19. Qg3 Bc6 20. Bd2 f6 21. Bxc6 Qxc6 22. Qg2 b5 23. axb6 cxb6 24. Nf5 Qxg2+ 25. Kxg2 b5 26. Nxe7+ Bxe7 27. Reb1 Reb8 28. Ra5 Bd8 29. Ra2 Kf7 30. Kf3 Bc7 31. Rba1 a5 32. h4 Ke6 33. h5 Rf8 34. Be3 Kd5 35. c4+ bxc4 36. dxc4+ Ke6 37. Ke4 Rfb8 38. Ra4 Rb2 39. c3 Rb3 40. Rc1 Bd6 41. c5 Bc7 42. Ra2 Rd8 1/2-1/2

[Event "FICGS rapid M 000145 email"]
[Site "FICGS email"]
[Date "2023.04.05"]
[Round "1"]
[White "Ozen, Bahadir"]
[Black "Maceda, Coco"]
[Result "1/2-1/2"]
[WhiteElo "2250"]
[BlackElo "2233"]
[PlyCount "51"]
[EventDate "2023.??.??"]
[EventType "tourn (rapid)"]
[EventRounds "6"]
[SourceTitle "Corr 2024"]
[Source "ChessBase"]
[SourceDate "2023.10.19"]
[SourceVersion "1"]
[SourceVersionDate "2023.10.19"]
[SourceQuality "1"]

1. Nf3 Nf6 2. c4 e6 3. Nc3 d5 4. d4 c6 5. e3 Nbd7 6. Bd3 dxc4 7. Bxc4 b5 8. Bd3 Bb7 9. a3 Bd6 10. 0-0 0-0 11. Qc2 a5 12. e4 e5 13. dxe5 Nxe5 14. Nxe5 Bxe5 15. h3 h6 16. Be3 Re8 17. Rfd1 Qc7 18. Rac1 Rad8 19. a4 b4 20. Ne2 Nh5 21. b3 Nf4 22. Bc4 Bc8 23. Rxd8 Rxd8 24. Rd1 Rxd1+ 25. Qxd1 Nxe2+ 26. Qxe2 1/2-1/2

[Event "FICGS rapid M 000144 email"]
[Site "FICGS email"]
[Date "2023.03.24"]
[Round "1"]
[White "Detchin, Yra"]
[Black "Maceda, Coco"]
[Result "1/2-1/2"]
[WhiteElo "2181"]
[BlackElo "2233"]
[PlyCount "89"]
[EventDate "2023.??.??"]
[EventType "tourn (rapid)"]
[EventRounds "6"]
[SourceTitle "Corr 2024"]
[Source "ChessBase"]
[SourceDate "2023.10.19"]
[SourceVersion "1"]
[SourceVersionDate "2023.10.19"]
[SourceQuality "1"]

1. e4 c5 2. c3 Nf6 3. e5 Nd5 4. Nf3 Nc6 5. Bc4 Nb6 6. Bb3 c4 7. Bc2 Qc7 8. 0-0 Nxe5 9. Nxe5 Qxe5 10. Re1 Qc7 11. a4 e6 12. d3 cxd3 13. Qxd3 Be7 14. Na3 a6 15. a5 Nd5 16. Bb3 Nf6 17. Nc4 Bc5 18. Be3 0-0 19. Bc2 d5 20. Nb6 Rb8 21. Ra4 g6 22. Bf4 Bd6 23. Qe3 Bxf4 24. Rxf4 Nd7 25. h4 Qd8 26. Qg3 Nxb6 27. h5 g5 28. Rg4 h6 29. Qxb8 Nc4 30. b4 Qd6 31. Qxd6 Nxd6 32. f4 e5 33. Rg3 exf4 34. Rd3 Be6 35. Bb3 Nc4 36. Bxc4 dxc4 37. Rd4 Kg7 38. g3 fxg3 39. Kg2 Rb8 40. Kxg3 b6 41. Ra1 bxa5 42. Rxa5 Rb6 43. Rd8 Rc6 44. Rc5 Rb6 45. Rc7 1/2-1/2

[Event "FICGS class M 000120 email"]
[Site "FICGS email"]
[Date "2023.03.20"]
[Round "1"]
[White "Maceda, Coco"]
[Black "Cirulis, Ilmars"]
[Result "1/2-1/2"]
[WhiteElo "2233"]
[BlackElo "2248"]
[PlyCount "108"]
[EventDate "2023.??.??"]
[EventType "tourn (corr)"]
[EventRounds "6"]
[SourceTitle "Corr 2024"]
[Source "ChessBase"]
[SourceDate "2023.10.19"]
[SourceVersion "1"]
[SourceVersionDate "2023.10.19"]
[SourceQuality "1"]

1. d4 f5 2. g3 Nf6 3. Bg2 g6 4. Nf3 Bg7 5. 0-0 0-0 6. b3 b6 7. c4 Bb7 8. Nc3 e6 9. Bf4 d6 10. d5 e5 11. Bd2 Bc8 12. e4 f4 13. gxf4 exf4 14. e5 dxe5 15. Nxe5 Nh5 16. Re1 Nd7 17. Nc6 Qh4 18. Qf3 Kh8 19. Qh3 Qxh3 20. Bxh3 Ne5 21. Nxe5 Bxh3 22. Nf3 h6 23. Re7 Rac8 24. Rae1 Bf6 25. R7e2 g5 26. Nb5 Bg4 27. Kg2 Bd7 28. Ne5 f3+ 29. Nxf3 Bxb5 30. cxb5 Rfd8 31. h3 Rxd5 32. Re8+ Rxe8 33. Rxe8+ Kh7 34. a4 Ng7 35. Ra8 Kg6 36. Rxa7 Ne6 37. Ra8 h5 38. Be3 Be7 39. Re8 Kf7 40. Rc8 Kf6 41. Rh8 h4 42. Nh2 Kg7 43. Rb8 Rd3 44. Nf3 Kf6 45. a5 bxa5 46. b6 Bd6 47. Nxg5 Rxb3 48. Ne4+ Ke5 49. Nxd6 cxd6 50. Rh8 Nf4+ 51. Bxf4+ Kxf4 52. Rxh4+ Kg5 53. Rg4+ Kf5 54. Ra4 Rxb6 1/2-1/2

[Event "FICGS class M 000120 email"]
[Site "FICGS email"]
[Date "2023.03.20"]
[Round "1"]
[White "Maceda, Coco"]
[Black "Javier, Christian"]
[Result "1/2-1/2"]
[WhiteElo "2233"]
[BlackElo "2250"]
[PlyCount "87"]
[EventDate "2023.??.??"]
[EventType "tourn (corr)"]
[EventRounds "6"]
[SourceTitle "Corr 2024"]
[Source "ChessBase"]
[SourceDate "2023.10.19"]
[SourceVersion "1"]
[SourceVersionDate "2023.10.19"]
[SourceQuality "1"]

1. e4 e5 2. Nf3 Nc6 3. a4 Nf6 4. Nc3 d5 5. exd5 Nxd5 6. Bb5 Bg4 7. 0-0 Ndb4 8. d4 a6 9. Bxc6+ Nxc6 10. dxe5 Qxd1 11. Rxd1 Bf5 12. Nd4 Bg4 13. Nf3 Bf5 14. Rd2 Bb4 15. Nd4 Nxd4 16. Rxd4 c5 17. Rd6 Rd8 18. Rxd8+ Kxd8 19. Nd5 Bxc2 20. Nxb4 cxb4 21. a5 Re8 22. f4 g5 23. fxg5 Rxe5 24. Bd2 Rb5 25. Rc1 Bd3 26. Be3 Kd7 27. Rc5 Kd6 28. Rxb5 Bxb5 29. Kf2 Ke5 30. Bd2 Kf5 31. h3 b3 32. h4 Ke4 33. Bb4 Kd3 34. Bd6 Bc6 35. Kg3 Kc4 36. Be5 Bd5 37. Kf2 Kd3 38. Bf6 Ke4 39. g3 Kd3 40. Bg7 Be4 41. Bf6 Kd2 42. Bd4 Kd3 43. Bf6 Bc6 44. Bc3 1/2-1/2

[Event "FICGS rapid M 000138 email"]
[Site "FICGS email"]
[Date "2022.11.08"]
[Round "1"]
[White "Maceda, Coco"]
[Black "Broekhuizen, A T S"]
[Result "1/2-1/2"]
[WhiteElo "2235"]
[BlackElo "2230"]
[PlyCount "92"]
[EventDate "2022.??.??"]
[EventType "tourn (rapid)"]
[EventRounds "6"]
[SourceTitle "Corr 2024"]
[Source "ChessBase"]
[SourceDate "2023.10.19"]
[SourceVersion "1"]
[SourceVersionDate "2023.10.19"]
[SourceQuality "1"]

1. e4 e5 2. Nf3 Nc6 3. Bb5 a6 4. Ba4 Nf6 5. 0-0 Be7 6. Re1 b5 7. Bb3 d6 8. c3 0-0 9. h3 Nb8 10. d4 Nbd7 11. Nbd2 Bb7 12. Bc2 Re8 13. Nf1 Bf8 14. Ng3 a5 15. Bd2 a4 16. Bd3 c6 17. Qc2 Qb6 18. b4 axb3 19. axb3 Rxa1 20. Rxa1 Ra8 21. Rb1 Qa5 22. Be3 h6 23. b4 Qa2 24. Qc1 Qa3 25. Qd1 Qa2 26. Bc2 Qe6 27. Nd2 Qe8 28. Qe2 Ra3 29. Nb3 Qb8 30. Qe1 Ra6 31. f4 Qc7 32. Rc1 Ra3 33. Qf2 exd4 34. cxd4 Nb6 35. Re1 Nc4 36. Bc1 Ra4 37. Qe2 Bc8 38. Qd3 g6 39. f5 g5 40. Nd2 Rxb4 41. Nf3 Nb6 42. Bd2 Rb2 43. Bc3 Ra2 44. Bb3 Ra6 45. e5 Nfd5 46. Kh1 Nf4 1/2-1/2

[Event "FICGS W-ch st1 g07 email"]
[Site "FICGS email"]
[Date "2022.11.02"]
[Round "2"]
[White "Debonis, Patrick"]
[Black "Maceda, Coco"]
[Result "1/2-1/2"]
[WhiteElo "2215"]
[BlackElo "2235"]
[PlyCount "83"]
[EventDate "2022.??.??"]
[EventType "tourn (corr)"]
[EventRounds "6"]
[SourceTitle "Corr 2024"]
[Source "ChessBase"]
[SourceDate "2023.10.19"]
[SourceVersion "1"]
[SourceVersionDate "2023.10.19"]
[SourceQuality "1"]

1. e4 e5 2. Nf3 Nc6 3. Bb5 a6 4. Ba4 Nf6 5. 0-0 Be7 6. Re1 b5 7. Bb3 0-0 8. c3 d5 9. exd5 Nxd5 10. Nxe5 Nxe5 11. Rxe5 c6 12. Re1 Bd6 13. d3 Bf5 14. Qf3 Qf6 15. Nd2 Qg6 16. Bd1 Bxd3 17. Ne4 Bxe4 18. Qxe4 f5 19. Qe6+ Qxe6 20. Rxe6 Rae8 21. Rxe8 Rxe8 22. Kf1 a5 23. Bd2 Rb8 24. g3 Kf7 25. Rc1 Nf6 26. c4 b4 27. Ba4 Rc8 28. Rd1 Bc5 29. f3 Nd7 30. Bxb4 axb4 31. Rxd7+ Kf6 32. f4 Ra8 33. Bb3 Ra7 34. Rxa7 Bxa7 35. a4 bxa3 36. bxa3 Ke7 37. a4 Kd6 38. Bc2 g6 39. a5 Kc5 40. Ba4 Kb4 41. Bxc6 Kxa5 42. Bd5 1/2-1/2

[Event "FICGS W-ch st1 g07 email"]
[Site "FICGS email"]
[Date "2022.11.02"]
[Round "1"]
[White "Slawomir, Weglicki"]
[Black "Maceda, Coco"]
[Result "1/2-1/2"]
[WhiteElo "2009"]
[BlackElo "2235"]
[PlyCount "99"]
[EventDate "2022.??.??"]
[EventType "tourn (corr)"]
[EventRounds "6"]
[SourceTitle "Corr 2024"]
[Source "ChessBase"]
[SourceDate "2023.10.19"]
[SourceVersion "1"]
[SourceVersionDate "2023.10.19"]
[SourceQuality "1"]

1. d4 d5 2. c4 e6 3. Nf3 Nf6 4. Nc3 c6 5. e3 Nbd7 6. Qc2 Bd6 7. Bd3 0-0 8. 0-0 dxc4 9. Bxc4 b5 10. Bd3 Bb7 11. e4 e5 12. h3 a6 13. dxe5 Nxe5 14. Nxe5 Bxe5 15. Be3 Re8 16. f4 Bxc3 17. bxc3 c5 18. e5 c4 19. Be2 Be4 20. Qc1 Nd5 21. a3 Qh4 22. Kh2 Qh6 23. Bd4 Qg6 24. Rf2 h5 25. Qd2 Rad8 26. Rg1 Qh6 27. Qe1 Nxf4 28. Bxc4 Bg6 29. Qe3 bxc4 30. Qxf4 Qxf4+ 31. Rxf4 Rb8 32. h4 Rb2 33. Kh3 Kh7 34. g4 hxg4+ 35. Kxg4 Kh6 36. Kg3 Re7 37. Rg4 Bf5 38. Rg5 g6 39. Kf4 Rh2 40. Rxf5 gxf5 41. Kxf5 Re6 42. Rg4 Kh7 43. Ke4 Rh6 44. Kd5 R2xh4 45. Rg3 Re6 46. Re3 Rh1 47. Kxc4 Ra1 48. Bc5 f6 49. exf6 Rxf6 50. Re7+ 1/2-1/2

[Event "FICGS class M 000112 email"]
[Site "FICGS email"]
[Date "2022.11.01"]
[Round "1"]
[White "Maceda, Coco"]
[Black "Perevozchikov, Vjacheslav"]
[Result "1/2-1/2"]
[WhiteElo "2235"]
[BlackElo "2253"]
[PlyCount "107"]
[EventDate "2022.??.??"]
[EventType "tourn (corr)"]
[EventRounds "6"]
[SourceTitle "Corr 2024"]
[Source "ChessBase"]
[SourceDate "2023.10.19"]
[SourceVersion "1"]
[SourceVersionDate "2023.10.19"]
[SourceQuality "1"]

1. Nf3 Nf6 2. d4 g6 3. c4 Bg7 4. Nc3 d5 5. Qb3 dxc4 6. Qxc4 0-0 7. e4 Nc6 8. Be2 e5 9. d5 Nd4 10. Nxd4 exd4 11. Qxd4 c6 12. Qc4 b5 13. Qxc6 Bd7 14. Qd6 Re8 15. Bd3 a5 16. f3 Nh5 17. Be3 f5 18. Rd1 Be5 19. Qb6 Bc7 20. Qd4 Be5 21. Qc5 b4 22. Ne2 fxe4 23. fxe4 Nf6 24. d6 Rc8 25. Qb6 Qxb6 26. Bxb6 Bxb2 27. 0-0 Nxe4 28. Bc7 Nc5 29. Bc4+ Kh8 30. Nf4 Re4 31. Nd5 Rxc4 32. Nb6 Rd4 33. Nxc8 Bxc8 34. Rb1 Ba6 35. Rxb2 Bxf1 36. Kxf1 Nb7 37. Ke2 Kg7 38. Rd2 Rxd2+ 39. Kxd2 Kf6 40. d7 Ke7 41. d8Q+ Nxd8 42. Bxa5 Nc6 43. Bb6 Kd6 44. Kc2 Kd5 45. Kb3 g5 46. Be3 g4 47. Bb6 h5 48. Be3 h4 49. h3 Ke4 50. Bg5 gxh3 51. gxh3 Kf3 52. Bxh4 Kg2 53. Be1 Kxh3 54. Kc4 1/2-1/2

[Event "FICGS class M 000109 email"]
[Site "FICGS email"]
[Date "2022.09.07"]
[Round "1"]
[White "Ozen, Bahadir"]
[Black "Maceda, Coco"]
[Result "1/2-1/2"]
[WhiteElo "2254"]
[BlackElo "2261"]
[PlyCount "67"]
[EventDate "2022.??.??"]
[EventType "tourn (corr)"]
[EventRounds "6"]
[SourceTitle "Corr 2024"]
[Source "ChessBase"]
[SourceDate "2023.10.19"]
[SourceVersion "1"]
[SourceVersionDate "2023.10.19"]
[SourceQuality "1"]

1. d4 Nf6 2. c4 e6 3. Nc3 Bb4 4. Qc2 0-0 5. e4 d5 6. e5 Ne4 7. Bd3 c5 8. Nf3 cxd4 9. Nxd4 Nd7 10. Bf4 Qh4 11. g3 Qh5 12. 0-0 g5 13. cxd5 gxf4 14. dxe6 Nxe5 15. Nxe4 fxe6 16. f3 fxg3 17. Nxg3 Qh6 18. Be4 Qd2 19. Bxh7+ Kh8 20. Rfd1 Nxf3+ 21. Nxf3 Qe3+ 22. Qf2 Bc5 23. Qxe3 Bxe3+ 24. Kg2 Kxh7 25. Rd3 Bf4 26. Re1 b6 27. Re4 Rb8 28. Rdd4 e5 29. Nxe5 Bb7 30. Rd7+ Kh6 31. Rd6+ Kh7 32. Rd7+ Kh6 33. Rd6+ Kh7 34. Rd7+ 1/2-1/2

[Event "FICGS rapid M 000136 email"]
[Site "FICGS email"]
[Date "2022.09.03"]
[Round "1"]
[White "Maceda, Coco"]
[Black "Javier, Christian"]
[Result "1/2-1/2"]
[WhiteElo "2261"]
[BlackElo "2157"]
[PlyCount "54"]
[EventDate "2022.??.??"]
[EventType "tourn (rapid)"]
[EventRounds "6"]
[SourceTitle "Corr 2024"]
[Source "ChessBase"]
[SourceDate "2023.10.19"]
[SourceVersion "1"]
[SourceVersionDate "2023.10.19"]
[SourceQuality "1"]

1. c4 e5 2. Nc3 Nf6 3. Nf3 Nc6 4. e4 Bb4 5. d3 d6 6. a3 Bxc3+ 7. bxc3 Nd7 8. Be2 0-0 9. 0-0 Nc5 10. Bg5 Ne7 11. Qb1 f6 12. Be3 b6 13. d4 Ne6 14. Rd1 Qe8 15. c5 bxc5 16. a4 a5 17. dxc5 Nxc5 18. Bxc5 dxc5 19. Qa2+ Kh8 20. Qa3 Qc6 21. Bb5 Qb6 22. Nd2 Ng6 23. Bc4 f5 24. Bd5 Ra6 25. Bc4 Ra8 26. Bd5 Ra6 27. Bc4 Ra8 1/2-1/2

[Event "FICGS rapid M 000135 email"]
[Site "FICGS email"]
[Date "2022.08.04"]
[Round "1"]
[White "Maceda, Coco"]
[Black "Ligon, Scott"]
[Result "1/2-1/2"]
[WhiteElo "2276"]
[BlackElo "2278"]
[PlyCount "78"]
[EventDate "2022.??.??"]
[EventType "tourn (rapid)"]
[EventRounds "6"]
[SourceTitle "Corr 2024"]
[Source "ChessBase"]
[SourceDate "2023.10.19"]
[SourceVersion "1"]
[SourceVersionDate "2023.10.19"]
[SourceQuality "1"]

1. e4 e5 2. Nf3 Nf6 3. d4 Nxe4 4. Bd3 d5 5. Nxe5 Nd7 6. Nc3 Bb4 7. 0-0 Nxe5 8. dxe5 Nxc3 9. bxc3 Bxc3 10. Rb1 0-0 11. Bxh7+ Kxh7 12. Qd3+ Kg8 13. Qxc3 a5 14. Qg3 Ra6 15. Bg5 Qd7 16. f4 Qf5 17. Rb3 Rg6 18. Qf2 Re8 19. Rc3 f6 20. exf6 gxf6 21. Bh4 Rg7 22. h3 Re4 23. Re3 b5 24. Rxe4 dxe4 25. Re1 b4 26. Rd1 Rd7 27. Rxd7 Bxd7 28. Qd2 e3 29. Qxe3 Kf7 30. c3 Be6 31. cxb4 axb4 32. Be1 c5 33. Bf2 c4 34. Kh2 b3 35. axb3 cxb3 36. Qd2 Qc2 37. Qxc2 bxc2 38. Be3 f5 39. g3 Bd7 1/2-1/2

[Event "FICGS rapid M 000135 email"]
[Site "FICGS email"]
[Date "2022.08.04"]
[Round "1"]
[White "Ozen, Bahadir"]
[Black "Maceda, Coco"]
[Result "1/2-1/2"]
[WhiteElo "2276"]
[BlackElo "2276"]
[PlyCount "43"]
[EventDate "2022.??.??"]
[EventType "tourn (rapid)"]
[EventRounds "6"]
[SourceTitle "Corr 2024"]
[Source "ChessBase"]
[SourceDate "2023.10.19"]
[SourceVersion "1"]
[SourceVersionDate "2023.10.19"]
[SourceQuality "1"]

1. e4 c5 2. Nf3 d6 3. d4 cxd4 4. Nxd4 Nf6 5. Nc3 a6 6. Be3 e5 7. Nb3 Be6 8. f3 h5 9. Qd2 Nbd7 10. Nd5 Bxd5 11. exd5 g6 12. 0-0-0 Nb6 13. Kb1 Nfxd5 14. Bf2 Nf6 15. Bh4 Be7 16. Bxf6 Bxf6 17. Qxd6 Qxd6 18. Rxd6 Bd8 19. Nc5 Rb8 20. a4 Be7 21. Rxb6 Bxc5 22. Rb3 1/2-1/2

[Event "FICGS rapid M 000135 email"]
[Site "FICGS email"]
[Date "2022.08.04"]
[Round "1"]
[White "Perevozchikov, Vjacheslav"]
[Black "Maceda, Coco"]
[Result "1/2-1/2"]
[WhiteElo "2279"]
[BlackElo "2276"]
[PlyCount "76"]
[EventDate "2022.??.??"]
[EventType "tourn (rapid)"]
[EventRounds "6"]
[SourceTitle "Corr 2024"]
[Source "ChessBase"]
[SourceDate "2023.10.19"]
[SourceVersion "1"]
[SourceVersionDate "2023.10.19"]
[SourceQuality "1"]

1. Nf3 Nf6 2. b3 d5 3. Bb2 Bf5 4. Nh4 Bd7 5. g3 e6 6. Bg2 Be7 7. c4 0-0 8. d4 a5 9. 0-0 a4 10. Nf3 a3 11. Bc1 b5 12. c5 b4 13. Ne5 Bb5 14. Nd2 h6 15. f4 Qe8 16. Re1 Nc6 17. Nxc6 Bxc6 18. Nf3 Rb8 19. Bd2 Ne4 20. Ne5 f5 21. Bxe4 fxe4 22. e3 Bf6 23. Nxc6 Qxc6 24. Rf1 g6 25. h4 Kf7 26. Be1 h5 27. Rc1 Rh8 28. Rc2 Qb5 29. Rff2 Qa6 30. Rg2 Qb5 31. Rh2 c6 32. Rcg2 Rh6 33. g4 hxg4 34. Rxg4 Rbh8 35. Kg2 Rh5 36. Bf2 Rf5 37. Rh1 Rfh5 38. Qf1 Qa5 1/2-1/2

[Event "FICGS rapid M 000133 email"]
[Site "FICGS email"]
[Date "2022.07.05"]
[Round "1"]
[White "Maceda, Coco"]
[Black "Broekhuizen, A T S"]
[Result "1/2-1/2"]
[WhiteElo "2276"]
[BlackElo "2203"]
[PlyCount "51"]
[EventDate "2022.??.??"]
[EventType "tourn (rapid)"]
[EventRounds "6"]
[SourceTitle "Corr 2024"]
[Source "ChessBase"]
[SourceDate "2023.10.19"]
[SourceVersion "1"]
[SourceVersionDate "2023.10.19"]
[SourceQuality "1"]

1. e4 e5 2. Nf3 Nc6 3. Bb5 Nf6 4. d3 Bc5 5. c3 0-0 6. 0-0 d6 7. Nbd2 a6 8. Bxc6 bxc6 9. d4 exd4 10. cxd4 Bb6 11. Qc2 Re8 12. Re1 c5 13. d5 Bg4 14. b3 Qe7 15. Bb2 Ba5 16. Bc3 Bxc3 17. Qxc3 a5 18. a4 Bxf3 19. Qxf3 Nd7 20. h3 Qf6 21. Qe3 Rab8 22. Rad1 Qb2 23. Rb1 Qf6 24. Rbd1 Qb2 25. Rb1 Qf6 26. Rbd1 1/2-1/2

[Event "FICGS rapid M 000132 email"]
[Site "FICGS email"]
[Date "2022.06.25"]
[Round "1"]
[White "Maceda, Coco"]
[Black "Swiatek, Janusz"]
[Result "1/2-1/2"]
[WhiteElo "2244"]
[BlackElo "2101"]
[PlyCount "87"]
[EventDate "2022.??.??"]
[EventType "tourn (rapid)"]
[EventRounds "6"]
[SourceTitle "Corr 2024"]
[Source "ChessBase"]
[SourceDate "2023.10.19"]
[SourceVersion "1"]
[SourceVersionDate "2023.10.19"]
[SourceQuality "1"]

1. d4 Nf6 2. c4 e6 3. g3 d5 4. Nf3 Bb4+ 5. Bd2 Be7 6. Bg2 c6 7. 0-0 Nbd7 8. b3 0-0 9. Bc3 b6 10. e3 Ba6 11. Nbd2 c5 12. a4 Rc8 13. Qe2 dxc4 14. bxc4 Qc7 15. Rfc1 Nd5 16. Bb2 Rfd8 17. Qd1 Nb4 18. a5 cxd4 19. axb6 axb6 20. exd4 Bb7 21. Bc3 Ra8 22. Qb3 Rxa1 23. Rxa1 Nc6 24. Ne1 Na5 25. Qb5 Bc6 26. Bxc6 Nxc6 27. Nc2 Na7 28. Qb1 Nc8 29. h4 Nd6 30. Ne3 Bf8 31. Qd3 Rc8 32. Rb1 h6 33. Bb4 Nb7 34. Bxf8 Rxf8 35. Rd1 Rc8 36. Ne4 Na5 37. Nd2 Nf6 38. Rb1 Nb7 39. Nf3 Nd7 40. d5 Nbc5 41. Qd4 Re8 42. Rd1 Nf6 43. Kg2 Ncd7 44. Rd2 1/2-1/2